[Event "Senica op 6th"]
[Site "Senica"]
[Date "2014.08.31"]
[Round "7"]
[White "Duda, Daniel"]
[Black "Majsniar, Jan"]
[Result "1-0"]
[WhiteElo "1638"]
[BlackElo "1466"]
[PlyCount "55"]
[EventDate "2014.08.27"]
[EventType "swiss"]
[EventRounds "7"]
[EventCountry "SVK"]
[SourceTitle "EXT 2016"]
[Source "ChessBase"]
[SourceDate "2015.10.08"]
[SourceVersion "1"]
[SourceVersionDate "2015.10.08"]
[SourceQuality "1"]

1. Nf3 d6 2. d4 e6 3. e4 c6 4. Bd3 h6 5. 0-0 Be7 6. c4 Nd7 7. Nc3 e5 8. d5 Ngf6 9. h3 0-0 10. Kh1 Nc5 11. Bc2 a5 12. Be3 Ncd7 13. Nh4 Nxe4 14. Nf5 Nxc3 15. bxc3 Nf6 16. g4 Nh7 17. Qd3 Bxf5 18. gxf5 Bg5 19. f6 Nxf6 20. Bxg5 hxg5 21. Rg1 g6 22. Rxg5 Kg7 23. Rxg6+ fxg6 24. Qxg6+ Kh8 25. Qh6+ Kg8 26. Rg1+ Kf7 27. Rg7+ Ke8 28. Qg6+ 1-0

[Event "Senica op 6th"]
[Site "Senica"]
[Date "2014.08.30"]
[Round "6"]
[White "Majsniar, Jan"]
[Black "Filipek, Norbert"]
[Result "1-0"]
[WhiteElo "1466"]
[BlackElo "1417"]
[PlyCount "83"]
[EventDate "2014.08.27"]
[EventType "swiss"]
[EventRounds "7"]
[EventCountry "SVK"]
[SourceTitle "EXT 2016"]
[Source "ChessBase"]
[SourceDate "2015.10.08"]
[SourceVersion "1"]
[SourceVersionDate "2015.10.08"]
[SourceQuality "1"]

1. d4 Nf6 2. c4 g6 3. Nc3 Bg7 4. e4 d6 5. h3 Nbd7 6. Nf3 e5 7. d5 Nc5 8. Qc2 0-0 9. Be2 a6 10. Be3 Ncd7 11. 0-0 Re8 12. b4 Nh5 13. Rab1 Ndf6 14. Nd2 Bd7 15. c5 Qc8 16. Kh2 Nf4 17. Bxf4 exf4 18. Bf3 Bh6 19. Nc4 dxc5 20. bxc5 g5 21. e5 g4 22. exf6 gxf3 23. Rg1 Kh8 24. g4 a5 25. Qd1 Bg5 26. Qxf3 Bxf6 27. Ne2 Bg5 28. Nxf4 Bxf4+ 29. Qxf4 Re2 30. a3 Qe8 31. Rxb7 Re4 32. Qf6+ Kg8 33. Ne3 Bc8 34. Rxc7 Rb8 35. Nf5 Qe5+ 36. Qxe5 Rxe5 37. d6 Re2 38. Kg3 Bxf5 39. gxf5 Kf8 40. Kf3 Reb2 41. Re1 R2b3+ 42. Kg2 1-0

[Event "Senica op 6th"]
[Site "Senica"]
[Date "2014.08.27"]
[Round "1"]
[White "Majsniar, Jan"]
[Black "Pericka, Tomas"]
[Result "0-1"]
[WhiteElo "1466"]
[BlackElo "2017"]
[PlyCount "36"]
[EventDate "2014.08.27"]
[EventType "swiss"]
[EventRounds "7"]
[EventCountry "SVK"]
[SourceTitle "EXT 2016"]
[Source "ChessBase"]
[SourceDate "2015.10.08"]
[SourceVersion "1"]
[SourceVersionDate "2015.10.08"]
[SourceQuality "1"]

1. d4 Nf6 2. c4 g6 3. Nc3 d5 4. h3 Bg7 5. Nf3 0-0 6. Bf4 b6 7. e3 Bf5 8. cxd5 Nxd5 9. Nxd5 Qxd5 10. Bxc7 Rc8 11. Bxb8 Raxb8 12. a3 Bc2 13. Qd2 Be4 14. Rc1 Bxf3 15. Rxc8+ Rxc8 16. gxf3 Qxf3 17. Rg1 Qf5 18. f4 Qb1+ 0-1

[Event "SVK-ch op"]
[Site "Banska Stiavnica"]
[Date "2013.07.08"]
[Round "3"]
[White "Majsniar, Jan"]
[Black "Ondras, Juraj"]
[Result "0-1"]
[WhiteElo "1309"]
[BlackElo "2016"]
[PlyCount "54"]
[EventDate "2013.07.06"]
[EventType "swiss"]
[EventRounds "9"]
[EventCountry "SVK"]
[SourceTitle "CBM 155 Extra"]
[Source "ChessBase"]
[SourceDate "2013.08.26"]
[SourceVersion "1"]
[SourceVersionDate "2013.08.26"]
[SourceQuality "1"]

1. e4 c5 2. Nf3 d6 3. Bc4 Nf6 4. Nc3 e6 5. d4 cxd4 6. Nxd4 Nc6 7. Bg5 a6 8. 0-0 Bd7 9. a3 b5 10. Be2 Be7 11. Bf3 Rc8 12. Na2 Qb6 13. Be3 Qb7 14. Nb4 Ne5 15. Bg5 a5 16. Nd3 Nxf3+ 17. Nxf3 Qxe4 18. Re1 Qa8 19. b4 0-0 20. h3 Bc6 21. Rc1 Bxf3 22. gxf3 Rc3 23. Ra1 Rfc8 24. Ra2 a4 25. Kg2 Qd5 26. Bd2 Qxa2 27. Bxc3 Rxc3 0-1